zpět

Detail výsledku týmu

Bledý Úsvit, Český Těšín

Datum a čas kvízu

26.5 Celkem bodů Celkový počet nahraných bodů na tomto kvízu bez doplňovacích otázek.
4. Pořadí na kvízu Konečné umístění týmu na tomto kvízu.

Zaznamenané odpovědi

# Otázka Odpověď Body Výsledky
1. Jindřich Vobořil ve čtvrtek u... Národní protidrogový koordinátor 1
2. Dlouholetý kariérní diplomat a... Kuba 1
3. Česká národní banka vydala stř... Bedřich Smetana 1
4. Společnost Euronet, která prov... Janek Rubeš 1
5. LeBron James pokořil ve své 21... 40 000 bodů 0
6. Napište český i latinský název... kost stehenní, femur (os femoris) 0.5
7. Ve kterém českém městě najdeme... v Brně 1
8. Antropoložce Brennanové, hlavn... Temperance 0
9. Která párová kost u psů a koní... klíční kost (clavicula) 0
10. V září roku 2012 byla pod park... Richard III. 1